Piosenki z popularnymi artystami - Statystyki

Ogólne statystyki
  • Ten quiz został rozwiązany 881 razy
  • Średni wynik to 8 z 20
Statystyki odpowiedzi
Rok Piosenka Artysta Z udziałem... % Poprawnych
2010 Love the Way You Lie Eminem Rihanna
80%
2014 Uptown Funk Mark Ronson Bruno Mars
66%
2010 Telephone Lady Gaga Beyoncé
56%
2015 See You Again Wiz Khalifa Charlie Puth
56%
2007 Umbrella Rihanna Jay-Z
55%
2009 Empire State of Mind Jay-Z Alicia Keys
51%
2010 California Gurls Katy Perry Snoop Dogg
46%
2013 Timber Pitbull Ke$ha
43%
2011 Moves Like Jagger Maroon 5 Christina Aguilera
42%
2011 We Found Love Rihanna Calvin Harris
40%
2000 Stan Eminem Dido
35%
2016 Closer The Chainsmokers Halsey
35%
2018 Old Town Road Lil Nas X Billy Ray Cyrus
34%
2024 Fortnight Taylor Swift Post Malone
29%
2006 SexyBack Justin Timberlake Timbaland
28%
2021 Bam Bam Camila Cabello Ed Sheeran
27%
2010 Baby Justin Bieber Ludacris
25%
2005 Gold Digger Kanye West Jamie Foxx
17%
1982 The Girl is Mine Michael Jackson Paul McCartney
14%
1999 Smooth Santana Rob Thomas
12%
Nie znaleziono quizów pasujących do podanych kryteriów
Rozkład punktacji
Procent ludzi z każdym wynikiem
Percentyl według liczby udzielonych odpowiedzi
Twoja historia wyników
Nie rozwiązałeś tego quizu